[Event "NZL-ch op-B 130th"]
[Site "Wellington"]
[Date "2023.01.08"]
[Round "7"]
[White "Bates, Daniel"]
[Black "Ng, Lok Jim Lauren"]
[Result "0-1"]
[WhiteElo "1791"]
[BlackElo "1417"]
[PlyCount "54"]
[EventDate "2023.01.02"]
[EventType "swiss"]
[EventRounds "9"]
[EventCountry "NZL"]
[SourceTitle "CBM 212 Extra"]
[Source "ChessBase"]
[SourceDate "2023.03.31"]
[SourceVersion "1"]
[SourceVersionDate "2023.03.31"]
[SourceQuality "1"]

1. d4 Nf6 2. c4 g6 3. Nf3 Bg7 4. Nc3 d6 5. Qc2 0-0 6. h4 h5 7. Bg5 Nbd7 8. 0-0-0 c5 9. e3 b6 10. d5 Ng4 11. Nh2 Nxh2 12. Rxh2 Ne5 13. b3 Qc7 14. Be2 a6 15. f4 Ng4 16. Bxg4 Bxg4 17. Rf1 f6 18. Qxg6 fxg5 19. hxg5 Qd7 20. f5 Rxf5 21. Rfh1 Qe8 22. Qxe8+ Rxe8 23. Ne4 Be5 24. Rh4 Ref8 25. Kc2 Kg7 26. Rxh5 Bxh5 27. Rxh5 Rh8 0-1